| 000 | 00844nam a2200265 i 4500 | ||
|---|---|---|---|
| 001 | 190083 | ||
| 003 | SpMaBN | ||
| 005 | 20240105180901.0 | ||
| 008 | 200312s2017 sp |||| | spa d | ||
| 020 | _a978-84-88909-43-5 | ||
| 080 | _a615.851 | ||
| 100 | 1 |
_aHerranz Castillo, Teodoro. _9169994 |
|
| 245 | 1 | 0 |
_aManual de trabajo personal para terapeutas de familia / _cTeodoro Herranz. |
| 250 | _a1ª ed. | ||
| 260 |
_aMadrid : _bPsimática, _c2017. |
||
| 300 |
_a321 p. ; _c21 cm. |
||
| 490 | 1 | _aClínica | |
| 504 | _aBibliografía: p. [315]-321. | ||
| 650 | 0 | 7 |
_aPsicoterapia familiar. _916584 |
| 650 | 7 |
_aPsicoterapeutas- _xPsicología. _9169995 |
|
| 830 | 0 |
_aClínica _9193480 |
|
| 852 |
_aES-MaACL _jA-14579 _9197234 _bR.151884 _cDEPO1 _dOlim: N-7579 _hDonación: Editorial |
||
| 942 |
_2udc _cMONOGRAFIA |
||
| 999 |
_c190083 _d190083 |
||